[Event "Boeblinger Open 2014"]
[Site "Boeblingen"]
[Date "2014.12.28"]
[Round "3"]
[White "Noe, Christopher"]
[Black "Kunin, Vitaly L"]
[Result "0-1"]
[WhiteElo "2375"]
[BlackElo "2589"]
[PlyCount "80"]
[EventDate "2014.??.??"]

1. e4 d6 2. d4 Nf6 3. Nc3 e5 4. Nf3 Nbd7 5. Bc4 Be7 6. O-O O-O 7. Re1 c6 8. a4
exd4 9. Nxd4 Ne5 10. Bf1 Re8 11. h3 Bf8 12. Bg5 Bd7 13. Kh1 a6 14. Qd2 Ng6 15.
f3 h6 16. Be3 Nh5 17. Qf2 b5 18. axb5 axb5 19. Rxa8 Qxa8 20. Nb3 Be7 21. Ra1
Qb8 22. Kg1 b4 23. Ne2 d5 24. Ba7 Qc8 25. exd5 cxd5 26. g4 Nhf4 27. Nxf4 Nxf4
28. Re1 Bd6 29. Rxe8+ Qxe8 30. Bc5 Bxc5 31. Nxc5 Bb5 32. Bxb5 Qxb5 33. Kh2 Qb8
34. Nb3 Qe5 35. h4 g5 36. hxg5 hxg5 37. Qd2 Qh8+ 38. Kg1 Qxb2 39. Kf2 Qb1 40.
Qc1 Qxb3 0-1

[Event "Boeblinger Open 2014"]
[Site "Boeblingen"]
[Date "2014.12.28"]
[Round "3"]
[White "Prohaszka, Peter"]
[Black "Baldauf, Marco"]
[Result "1/2-1/2"]
[WhiteElo "2613"]
[BlackElo "2393"]
[PlyCount "66"]
[EventDate "2014.??.??"]

1. d4 Nf6 2. c4 g6 3. Nc3 d5 4. Nf3 Bg7 5. Bf4 O-O 6. e3 c5 7. dxc5 Qa5 8. Rc1
dxc4 9. Bxc4 Qxc5 10. Bb3 Nc6 11. O-O Qa5 12. h3 Bf5 13. Qe2 Ne4 14. g4 Nxc3
15. bxc3 Bd7 16. Rfd1 Rad8 17. Rd5 Qa3 18. Rcd1 Be6 19. Rxd8 Nxd8 20. Qb5 a6
21. Qb6 Bxb3 22. axb3 Ne6 23. Be5 Bxe5 24. Nxe5 Qc5 25. Qxc5 Nxc5 26. b4 Ne4
27. Rd7 f6 28. Nd3 Kf7 29. Rxb7 Rd8 30. Nc5 Nxc5 31. bxc5 Rc8 32. Rb6 Rxc5 33.
Rxa6 Rxc3 1/2-1/2

[Event "Boeblinger Open 2014"]
[Site "Boeblingen"]
[Date "2014.12.28"]
[Round "3"]
[White "Reck, Moritz"]
[Black "Dann, Matthias"]
[Result "0-1"]
[WhiteElo "2145"]
[BlackElo "2457"]
[PlyCount "100"]
[EventDate "2014.??.??"]

1. g3 g6 2. Bg2 Bg7 3. d3 c5 4. Nc3 Nc6 5. e4 Rb8 6. Be3 d6 7. Qd2 b5 8. Nf3 b4
9. Nd1 e5 10. O-O h6 11. c3 Qa5 12. Ne1 Nge7 13. f4 bxc3 14. bxc3 exf4 15. Bxf4
Ne5 16. h3 Ba6 17. Rf2 Rb6 18. Rc1 Qa3 19. Rc2 N7c6 20. Nb2 g5 21. Be3 Ng6 22.
Qc1 Be5 23. Kh2 O-O 24. Nf3 Bg7 25. d4 Rfb8 26. dxc5 dxc5 27. Nd3 Qxc1 28. Nxc1
Bf8 29. Nb3 c4 30. Nbd4 Nd8 31. Nf5 R6b7 32. h4 g4 33. N3d4 h5 34. Ne2 Ne6 35.
Nfd4 Bc5 36. Rf5 Rb2 37. Rxb2 Rxb2 38. Bc1 Rxa2 39. Nxe6 fxe6 40. Rxc5 Rxe2 41.
Rxh5 Bb7 42. Rg5 Bxe4 43. Rxg4 Rxg2+ 44. Kh1 Bd5 45. Rxg6+ Kf7 46. Rg5 Rc2+ 47.
Kg1 Rxc1+ 48. Kf2 Rxc3 49. h5 Rf3+ 50. Ke2 Rf5 0-1

[Event "Boeblinger Open 2014"]
[Site "Boeblingen"]
[Date "2014.12.28"]
[Round "3"]
[White "Sessler, Joachim"]
[Black "Vuckovic, Aleksandar"]
[Result "1/2-1/2"]
[WhiteElo "2142"]
[BlackElo "2337"]
[PlyCount "49"]
[EventDate "2014.??.??"]

1. e4 c5 2. Nf3 Nc6 3. d4 cxd4 4. Nxd4 g6 5. c4 Bg7 6. Nxc6 bxc6 7. Be2 Rb8 8.
Nc3 Qa5 9. O-O Nf6 10. Qc2 O-O 11. Bf4 Rxb2 12. Qxb2 Nxe4 13. Qc2 Nxc3 14. Bd3
d5 15. cxd5 cxd5 16. Rfe1 Qc5 17. Be5 d4 18. Bxg7 Kxg7 19. Rab1 Qd6 20. Rb3 Be6
21. Rb7 Nxa2 22. Rxa7 Nb4 23. Qd2 Nxd3 24. Qxd3 Rc8 25. Ra4 1/2-1/2

[Event "Boeblinger Open 2014"]
[Site "Boeblingen"]
[Date "2014.12.28"]
[Round "3"]
[White "Vujic, Branimir"]
[Black "Shishkin, Vadim"]
[Result "1/2-1/2"]
[WhiteElo "2351"]
[BlackElo "2482"]
[PlyCount "158"]
[EventDate "2014.??.??"]

1. d4 Nf6 2. Nf3 g6 3. e3 Bg7 4. Be2 d5 5. O-O O-O 6. c4 dxc4 7. Bxc4 c5 8.
dxc5 Qc7 9. Qe2 Qxc5 10. a3 Qc7 11. b3 Ng4 12. Bb2 Bxb2 13. Qxb2 Nc6 14. Nbd2
Bf5 15. Rac1 Rac8 16. h3 Nge5 17. Nd4 Nxc4 18. Nxc4 Nxd4 19. exd4 Qf4 20. Ne3
Bd7 21. d5 Qd6 22. Rfd1 Rxc1 23. Rxc1 f5 24. Rd1 f4 25. Nc4 Qf6 26. Qxf6 Rxf6
27. Rc1 Kf8 28. Ne5 Bf5 29. Rc7 Rd6 30. Rxb7 Rxd5 31. Rb8+ Kg7 32. Nc6 Be4 33.
Nxa7 Rg5 34. Rb4 Bxg2 35. Rxf4 Bxh3+ 36. Kh2 e5 37. Rb4 Bg2 38. a4 Bf3 39. Rb5
h5 40. Kh3 Bg2+ 41. Kh2 Bf3 42. Kh3 Kf6 43. Rb6+ Kf7 44. Nc6 Bg2+ 45. Kh2 Bd5
46. Kh3 Rf5 47. b4 g5 48. b5 Rf3+ 49. Kg2 Rf4+ 50. Kf1 Rxa4 51. Nxe5+ Ke7 52.
Rg6 g4 53. Rh6 Rb4 54. Rxh5 Rxb5 55. Rh7+ Ke6 56. Nxg4 Bf3 57. Rh6+ Ke7 58. Kg1
Bxg4 59. Kg2 Rb3 60. Rh4 Bf3+ 61. Kh2 Ke6 62. Rf4 Ke5 63. Rf8 Be4 64. Rf7 Bd5
65. Rf8 Rc3 66. Re8+ Kd4 67. Rd8 Rc7 68. Rf8 Rg7 69. Kh3 Be4 70. Rd8+ Ke5 71.
Re8+ Kf4 72. Rf8+ Bf5+ 73. Kh2 Rg5 74. Rb8 Kf3 75. Rb2 Be4 76. Ra2 Rg2+ 77. Kh3
Kf4 78. Rb2 Rg1 79. f3 Bxf3 1/2-1/2

[Event "Boeblinger Open 2014"]
[Site "Boeblingen"]
[Date "2014.12.28"]
[Round "3"]
[White "Yakimenko, Alexander A"]
[Black "Bodrozic, Tomislav"]
[Result "1/2-1/2"]
[WhiteElo "2140"]
[BlackElo "2323"]
[PlyCount "127"]
[EventDate "2014.??.??"]

1. d4 Nf6 2. c4 g6 3. Nc3 Bg7 4. e4 d6 5. Be2 O-O 6. Nf3 Na6 7. O-O e5 8. Be3
Ng4 9. Bg5 Qe8 10. h3 h6 11. Bc1 Nf6 12. dxe5 dxe5 13. Be3 Qe7 14. Qc2 c6 15.
Rfd1 Nh5 16. Qd2 Kh7 17. Qd6 Qxd6 18. Rxd6 Nf4 19. Bf1 Ne6 20. Na4 Re8 21. a3
Bf8 22. Rd2 Nec5 23. Nxc5 Nxc5 24. Rad1 Nxe4 25. Rd8 Be6 26. Rxa8 Rxa8 27. Nxe5
Bg7 28. f4 b6 29. b3 c5 30. g4 f5 31. Bg2 Re8 32. Bf3 g5 33. Kg2 gxf4 34. Bxf4
Ng5 35. Bc6 Rf8 36. Nd7 Rf7 37. Kg3 fxg4 38. hxg4 Bd4 39. Ne5 Rf6 40. Bg2 Kg7
41. Rf1 a6 42. Nc6 Bc3 43. Ne7 b5 44. Nd5 Bxd5 45. Bxd5 Ne6 46. Bxe6 Rxe6 47.
Kf3 Bd4 48. Rh1 Rb6 49. Ke4 bxc4 50. bxc4 Rg6 51. Rb1 Rxg4 52. Kf5 Rh4 53. Rb7+
Kf8 54. Bd6+ Ke8 55. Ke6 Re4+ 56. Kd5 Re3 57. a4 Ra3 58. Re7+ Kd8 59. Kc6 Re3
60. Rh7 Re6 61. Kd5 Rg6 62. Ra7 h5 63. Rxa6 Rg2 64. Ra8+ 1/2-1/2

[Event "Boeblinger Open 2014"]
[Site "Boeblingen"]
[Date "2014.12.28"]
[Round "4"]
[White "Bai, Jinshi"]
[Black "Prohaszka, Peter"]
[Result "1/2-1/2"]
[WhiteElo "2444"]
[BlackElo "2613"]
[PlyCount "116"]
[EventDate "2014.??.??"]

1. d4 d5 2. c4 c6 3. cxd5 cxd5 4. Bf4 Nc6 5. e3 Nf6 6. Nc3 Bg4 7. Qb3 Na5 8.
Qa4+ Bd7 9. Qd1 e6 10. Nf3 Rc8 11. Bd3 Nc4 12. Qe2 Qa5 13. Bxc4 Rxc4 14. O-O
Bb4 15. Ne5 Rc8 16. Nxd7 Kxd7 17. Nd1 Qa6 18. Qxa6 bxa6 19. Nc3 Nh5 20. Rfc1
Nxf4 21. exf4 Rc4 22. Ne2 Rhc8 23. Rxc4 Rxc4 24. Rc1 Bd2 25. Rb1 Rc2 26. Kf1
Kc6 27. a3 Kb5 28. b3 Ra2 29. Rd1 Rxa3 30. Rxd2 Ra1+ 31. Nc1 Rxc1+ 32. Ke2 Kb4
33. Ra2 Rc6 34. Kd3 Kxb3 35. Ra1 Rc3+ 36. Kd2 Rc4 37. Ke3 Rc3+ 38. Kd2 Rc2+ 39.
Ke3 Kc4 40. Rxa6 Rc3+ 41. Ke2 Kxd4 42. Rxa7 Rc2+ 43. Kf3 Rc3+ 44. Ke2 f5 45.
Rxg7 Ke4 46. Rxh7 Rc2+ 47. Ke1 d4 48. Rh6 Rc6 49. Kd2 Kxf4 50. Rf6 Ra6 51. Kd3
Ke5 52. Rg6 Ra3+ 53. Kd2 Ra2+ 54. Kd3 Kd5 55. h4 e5 56. Rg7 Ra3+ 57. Kd2 Ke6
58. Rg6+ Kf7 1/2-1/2

[Event "Boeblinger Open 2014"]
[Site "Boeblingen"]
[Date "2014.12.28"]
[Round "4"]
[White "Mihok, Oliver"]
[Black "Braun, Arik"]
[Result "1-0"]
[WhiteElo "2464"]
[BlackElo "2549"]
[PlyCount "101"]
[EventDate "2014.??.??"]

1. e4 e6 2. d4 d5 3. Nc3 Bb4 4. Nge2 dxe4 5. a3 Be7 6. g4 h5 7. gxh5 Rxh5 8.
Nxe4 Rh4 9. Qd3 f5 10. N4c3 Nc6 11. Be3 Bf6 12. O-O-O Nce7 13. Bg2 c6 14. Bf4
Ng6 15. Bg3 Rh6 16. Rhe1 N8e7 17. Kb1 Kf7 18. h3 Bd7 19. Ng1 Nd5 20. Nce2 b5
21. Nf3 Qb6 22. Bd6 Rd8 23. Qd2 Bc8 24. Bf4 Ndxf4 25. Nxf4 e5 26. Ne2 Kg8 27.
Qe3 e4 28. Ng5 Rd5 29. f4 Qd8 30. Qb3 Kf8 31. Rg1 Qe7 32. Bf1 Bd7 33. c4 bxc4
34. Qxc4 Be8 35. Nc3 Nxf4 36. Nxd5 cxd5 37. Qc8 Qd7 38. Qb8 Rh4 39. Ba6 Qd8 40.
Nh7+ Rxh7 41. Qxf4 Qd7 42. Rc1 g5 43. Rxg5 Bxg5 44. Qxg5 Rg7 45. Qh6 Qe7 46.
Bc8 Bg6 47. Rc6 Bh7 48. Be6 Qg5 49. Rc8+ Ke7 50. Rc7+ Kf8 51. Rf7+ 1-0

[Event "Boeblinger Open 2014"]
[Site "Boeblingen"]
[Date "2014.12.28"]
[Round "4"]
[White "Winterberg, Lukas"]
[Black "Jorczik, Julian"]
[Result "1-0"]
[WhiteElo "2264"]
[BlackElo "2409"]
[PlyCount "41"]
[EventDate "2014.??.??"]

1. d4 e6 2. e4 d5 3. Nd2 Be7 4. Bd3 c5 5. dxc5 Nf6 6. Qe2 O-O 7. Ngf3 a5 8. O-O
Na6 9. e5 Nd7 10. c4 Ndxc5 11. Bb1 Nb4 12. Rd1 Qb6 13. Nb3 dxc4 14. Nxc5 Qxc5
15. Be3 Qc7 16. Rd4 b5 17. Bxh7+ Kxh7 18. Ng5+ Kg8 19. Rh4 Bxg5 20. Bxg5 Nd5
21. Bf6 1-0

[Event "Boeblinger Open 2014"]
[Site "Boeblingen"]
[Date "2014.12.29"]
[Round "4"]
[White "Baldauf, Marco"]
[Black "Bayer, Bernhard"]
[Result "1/2-1/2"]
[WhiteElo "2393"]
[BlackElo "2445"]
[PlyCount "90"]
[EventDate "2014.??.??"]

1. d4 Nf6 2. c4 d6 3. Nf3 Nbd7 4. Nc3 c6 5. g3 e5 6. Bg2 Be7 7. O-O O-O 8. e4
a6 9. a4 a5 10. h3 Qc7 11. Be3 Re8 12. Qc2 Bf8 13. Rad1 exd4 14. Bxd4 Ne5 15.
Nd2 Nfd7 16. f4 Ng6 17. Nb3 b6 18. Nd2 Nc5 19. Rfe1 Qb8 20. Nf3 f6 21. Bf2 Bd7
22. Nd4 Nh8 23. Be3 Nf7 24. g4 Qc8 25. Kh1 g6 26. Qf2 Bg7 27. Bf3 Kh8 28. Qg2
Nd8 29. h4 Qc7 30. Qh2 Nf7 31. g5 fxg5 32. hxg5 Ne6 33. Kg2 Nxd4 34. Rh1 h6 35.
gxh6 Bf6 36. Bxd4 Bxd4 37. Rxd4 Rg8 38. Rf1 g5 39. f5 g4 40. Be2 Qd8 41. Qf4
Qf6 42. Rfd1 Rg6 43. Rh1 Rg5 44. Rhd1 Rg6 45. Rh1 Rg5 1/2-1/2

[Event "Boeblinger Open 2014"]
[Site "Boeblingen"]
[Date "2014.12.29"]
[Round "4"]
[White "Bodrozic, Tomislav"]
[Black "Sessler, Joachim"]
[Result "1/2-1/2"]
[WhiteElo "2323"]
[BlackElo "2142"]
[PlyCount "62"]
[EventDate "2014.??.??"]

1. e4 e5 2. Nf3 Nc6 3. d4 exd4 4. Nxd4 Bc5 5. Nxc6 Qf6 6. Qf3 Qxf3 7. gxf3 bxc6
8. Be3 Bxe3 9. fxe3 Rb8 10. Bc4 Ne7 11. Nc3 d6 12. O-O-O O-O 13. Rhg1 Be6 14.
Bb3 Bxb3 15. axb3 f5 16. e5 Rbd8 17. exd6 cxd6 18. Rg2 Rf6 19. Rdg1 g6 20. Kd2
f4 21. e4 d5 22. Kc1 dxe4 23. Nxe4 Rf5 24. Rg5 Kg7 25. Re1 Rd7 26. h4 h6 27.
Rg4 Ra5 28. Kb1 Re5 29. Reg1 Rf5 30. Re1 Re5 31. Reg1 Rf5 1/2-1/2

[Event "Boeblinger Open 2014"]
[Site "Boeblingen"]
[Date "2014.12.29"]
[Round "4"]
[White "Dann, Matthias"]
[Black "Vujic, Branimir"]
[Result "1-0"]
[WhiteElo "2457"]
[BlackElo "2351"]
[PlyCount "37"]
[EventDate "2014.??.??"]

1. e4 d5 2. exd5 Nf6 3. d4 Nxd5 4. Nf3 Bf5 5. Bd3 Qc8 6. O-O Nb4 7. Bxf5 Qxf5
8. c3 Nc2 9. Nh4 Qe4 10. Nd2 Qxh4 11. Qxc2 Nd7 12. Qb3 b6 13. Re1 Qh5 14. Nf3
a6 15. Qc4 Ra7 16. d5 Kd8 17. Nd4 Kc8 18. Nc6 Ra8 19. Bf4 1-0

[Event "Boeblinger Open 2014"]
[Site "Boeblingen"]
[Date "2014.12.29"]
[Round "4"]
[White "Eisenbeiser, Amadeus"]
[Black "Regez, Markus"]
[Result "0-1"]
[WhiteElo "2377"]
[BlackElo "2188"]
[PlyCount "68"]
[EventDate "2014.??.??"]

1. e4 e5 2. Nf3 Nc6 3. Bc4 Nf6 4. Ng5 d5 5. exd5 Na5 6. Bb5+ c6 7. dxc6 bxc6 8.
Bd3 Nd5 9. Nf3 Bd6 10. O-O Bg4 11. Be2 O-O 12. d4 Bxf3 13. Bxf3 e4 14. Be2 f5
15. c4 f4 16. cxd5 f3 17. g3 Qd7 18. Re1 fxe2 19. Qxe2 cxd5 20. Nc3 Bb4 21. Bd2
Bxc3 22. Bxc3 Nc6 23. Rac1 Nd8 24. Bd2 Nc6 25. Bc3 Rab8 26. a3 Rf3 27. Rc2 Rbf8
28. Qd1 h5 29. Re3 h4 30. Rxf3 Rxf3 31. Be1 hxg3 32. fxg3 Qg4 33. Rd2 e3 34. h3
Qe4 0-1

[Event "Boeblinger Open 2014"]
[Site "Boeblingen"]
[Date "2014.12.29"]
[Round "4"]
[White "Gheng, Josef"]
[Black "Yakimenko, Alexander A"]
[Result "1-0"]
[WhiteElo "2315"]
[BlackElo "2140"]
[PlyCount "157"]
[EventDate "2014.??.??"]

1. c4 e5 2. g3 Nc6 3. Bg2 g6 4. Nc3 Bg7 5. d3 d6 6. a3 Bg4 7. h3 Be6 8. Nf3 Qc8
9. e4 Nf6 10. Nd5 O-O 11. Bd2 Re8 12. g4 Nd8 13. Bg5 Nxd5 14. cxd5 Bd7 15. Nd2
c6 16. Rc1 Qb8 17. Qb3 c5 18. Bf3 b5 19. h4 f6 20. Be3 Nf7 21. h5 g5 22. Be2
Nh6 23. f3 a5 24. a4 bxa4 25. Qa2 Qb4 26. Rc4 Qb7 27. Kf2 Reb8 28. Rb1 Qc8 29.
Rxa4 Bxa4 30. Qxa4 Rb4 31. Qa2 Bf8 32. Bd1 Be7 33. Ba4 Nf7 34. Nc4 Bd8 35. Bd2
Rab8 36. Be8 Bc7 37. Ba4 Qa6 38. Ke2 Kf8 39. Rc1 R4b7 40. Rc3 Nd8 41. Ra3 Ke7
42. Qa1 h6 43. Bc3 Rb4 44. Qa2 R4b7 45. Ne3 Nf7 46. Bc6 Rb4 47. Nc4 Nd8 48. Ba4
Qb7 49. Kd2 Qa7 50. Kc2 Qb7 51. Ne3 Nf7 52. Bc6 Qa7 53. Nc4 Rxc4 54. dxc4 Rb4
55. Bb5 Nd8 56. Qa1 Qb6 57. Qf1 Nb7 58. Bc6 Nd8 59. Ba4 Nb7 60. b3 Nd8 61. Ra1
Qa7 62. Qf2 Bb6 63. Kd3 Kf7 64. Qa2 Ke7 65. Rf1 Qc7 66. Qa1 Nf7 67. Rf2 Nd8 68.
Bd2 Nf7 69. Rf1 Nd8 70. f4 exf4 71. Bxf4 Nf7 72. Bg3 Ne5+ 73. Bxe5 dxe5 74. Qa2
Qd8 75. Qf2 Qf8 76. Qf5 Qf7 77. Qc8 Qg7 78. Qd7+ Kf8 79. Qe8# 1-0

[Event "Boeblinger Open 2014"]
[Site "Boeblingen"]
[Date "2014.12.29"]
[Round "4"]
[White "Gschnitzer, Adrian"]
[Black "Gohil, Harry"]
[Result "0-1"]
[WhiteElo "2199"]
[BlackElo "2313"]
[PlyCount "80"]
[EventDate "2014.??.??"]

1. e4 c5 2. Nf3 Nc6 3. d4 cxd4 4. Nxd4 e5 5. Nb5 d6 6. N1c3 a6 7. Na3 Be7 8.
Nd5 Nf6 9. Be3 Nxd5 10. exd5 Nd4 11. c4 O-O 12. Bxd4 exd4 13. Be2 Qb6 14. Qd2
d3 15. Bxd3 Bf6 16. O-O Qxb2 17. Nc2 Qb6 18. Rab1 Qc7 19. Qe3 Qc5 20. Qxc5 dxc5
21. Rb6 Bd8 22. Rb3 b5 23. cxb5 axb5 24. Bxb5 Rxa2 25. Ne3 Bf6 26. Rd1 Bd4 27.
Bc6 Ba6 28. d6 Be2 29. Rdb1 Ra6 30. Nd5 g6 31. h3 Kg7 32. Ne7 c4 33. Rb7 Bc5
34. Rd7 Ra2 35. Nd5 Bd3 36. Rd1 Bxf2+ 37. Kh2 Bd4 38. Nf4 Be5 39. Kg3 g5 40.
Kf3 Bxf4 0-1

[Event "Boeblinger Open 2014"]
[Site "Boeblingen"]
[Date "2014.12.29"]
[Round "4"]
[White "Kabisch, Thilo"]
[Black "Maier, Alexander"]
[Result "1/2-1/2"]
[WhiteElo "2211"]
[BlackElo "2315"]
[PlyCount "107"]
[EventDate "2014.??.??"]

1. e4 e5 2. Nf3 Nc6 3. Bb5 a6 4. Ba4 Nf6 5. O-O Nxe4 6. d4 b5 7. Bb3 d5 8. dxe5
Be6 9. c3 Be7 10. Nbd2 Nc5 11. Bc2 d4 12. Ne4 d3 13. Nxc5 dxc2 14. Qxd8+ Rxd8
15. Nxe6 fxe6 16. Be3 Rd5 17. Rfc1 Nxe5 18. Nxe5 Rxe5 19. Rxc2 Kf7 20. a4 Rb8
21. g3 Rd5 22. Kg2 Ke8 23. h4 Kd7 24. b4 Rb7 25. Kf3 c5 26. axb5 axb5 27. bxc5
Bxc5 28. Rd2 Rxd2 29. Bxd2 Kc6 30. Be3 Bxe3 31. Kxe3 Kc5 32. Ra6 Kc4 33. Rc6+
Kd5 34. Rc8 Ke5 35. h5 h6 36. Kf3 b4 37. Rc5+ Kd6 38. cxb4 Rxb4 39. Ra5 Ke7 40.
Ke3 Kf6 41. f4 Rb3+ 42. Kf2 Rb2+ 43. Kf3 Rb3+ 44. Kg4 Rb4 45. Re5 Ra4 46. Kf3
Ra3+ 47. Kg4 Ra4 48. Re3 Rb4 49. Kh4 Ra4 50. Kh3 Ra5 51. g4 e5 52. Kg3 exf4+
53. Kxf4 Ra4+ 54. Kg3 1/2-1/2

[Event "Boeblinger Open 2014"]
[Site "Boeblingen"]
[Date "2014.12.29"]
[Round "4"]
[White "Kunin, Vitaly"]
[Black "Meskovs, Nikita"]
[Result "1/2-1/2"]
[WhiteElo "2589"]
[BlackElo "2452"]
[PlyCount "138"]
[EventDate "2014.??.??"]

1. d4 Nf6 2. Nf3 g6 3. c4 Bg7 4. Nc3 d5 5. cxd5 Nxd5 6. e4 Nxc3 7. bxc3 O-O 8.
Be3 c5 9. Rc1 Qa5 10. Qd2 Rd8 11. d5 Nc6 12. Be2 e6 13. O-O exd5 14. exd5 Bg4
15. c4 Qxd2 16. Bxd2 Bxf3 17. Bxf3 Nd4 18. Bd1 Re8 19. Rb1 b6 20. Re1 Rxe1+ 21.
Bxe1 Nf5 22. a4 Nd6 23. Be2 Re8 24. Bd3 Ne4 25. a5 Nc3 26. Bxc3 Bxc3 27. axb6
axb6 28. Rxb6 Re1+ 29. Bf1 Rd1 30. g3 Bd4 31. Rb8+ Kg7 32. Re8 Kf6 33. Kg2 Rd2
34. Be2 Be5 35. f4 Bd6 36. Kf3 Rb2 37. Rd8 Rb3+ 38. Kf2 Ke7 39. Rh8 h5 40. Ra8
h4 41. Ra7+ Kf6 42. Rd7 Bb8 43. Rd8 Bc7 44. Rh8 hxg3+ 45. hxg3 Rb8 46. Rh1 Rb3
47. Ra1 g5 48. Ra6+ Rb6 49. Ra7 Bb8 50. fxg5+ Kxg5 51. Rd7 f5 52. Rg7+ Kf6 53.
Rh7 Rb2 54. Rh6+ Kg5 55. Rc6 Be5 56. Re6 Bb8 57. Re8 Kf6 58. Re3 Be5 59. Kf3
Rb7 60. Ra3 Kg5 61. Bd1 Rb4 62. Be2 Rb7 63. Rd3 Bd4 64. d6 Kf6 65. Kf4 Be5+ 66.
Ke3 Rd7 67. g4 Rxd6 68. Rxd6+ Bxd6 69. gxf5 Kxf5 1/2-1/2

[Event "Boeblinger Open 2014"]
[Site "Boeblingen"]
[Date "2014.12.29"]
[Round "4"]
[White "Lampert, Jonas"]
[Black "Arnold, Max"]
[Result "1-0"]
[WhiteElo "2453"]
[BlackElo "2158"]
[PlyCount "53"]
[EventDate "2014.??.??"]

1. d4 Nf6 2. c4 e6 3. Nc3 Bb4 4. Nf3 c5 5. g3 Bxc3+ 6. bxc3 Qa5 7. Bd2 b6 8.
Bg2 Bb7 9. O-O O-O 10. d5 Qa6 11. Re1 Ne4 12. Ne5 f5 13. f3 Nxd2 14. Qxd2 d6
15. Nd3 Qxc4 16. Nf4 exd5 17. Ne6 Nd7 18. Nxf8 Rxf8 19. e3 Qa4 20. e4 fxe4 21.
fxe4 dxe4 22. Qxd6 Re8 23. Bh3 Nf6 24. Be6+ Kh8 25. Bf7 e3 26. Rxe3 Rc8 27.
Rae1 1-0

[Event "Boeblinger Open 2014"]
[Site "Boeblingen"]
[Date "2014.12.29"]
[Round "4"]
[White "Lanka, Zigurds"]
[Black "Konson, Konstantin"]
[Result "1-0"]
[WhiteElo "2437"]
[BlackElo "2198"]
[PlyCount "65"]
[EventDate "2014.??.??"]

1. e4 c5 2. Nf3 Nc6 3. d4 cxd4 4. Nxd4 e5 5. Nb5 a6 6. Nd6+ Bxd6 7. Qxd6 Qf6 8.
Qc7 Qg6 9. Nc3 Nge7 10. Be3 O-O 11. O-O-O f5 12. f3 fxe4 13. fxe4 b5 14. Bc5
Qg5+ 15. Kb1 Rb8 16. h4 Qf6 17. Nd5 Nxd5 18. exd5 Rb7 19. Qd6 Qxd6 20. Bxd6 Nd4
21. Bxf8 Kxf8 22. Bd3 b4 23. d6 Rb6 24. Rhf1+ Ke8 25. Rde1 Rxd6 26. Rxe5+ Ne6
27. Bxh7 Rd2 28. Be4 Ke7 29. Rd5 Re2 30. Bf3 Re3 31. Rfd1 Kf6 32. Ra5 Ke7 33.
Ra4 1-0

[Event "Boeblinger Open 2014"]
[Site "Boeblingen"]
[Date "2014.12.29"]
[Round "4"]
[White "Neyman, Igor"]
[Black "Rombach, Michael"]
[Result "1-0"]
[WhiteElo "2311"]
[BlackElo "2106"]
[PlyCount "67"]
[EventDate "2014.??.??"]

1. d4 Nf6 2. c4 c5 3. d5 g6 4. Nc3 Bg7 5. e4 d6 6. h3 O-O 7. Nf3 e6 8. Bd3 Na6
9. Bg5 h6 10. Be3 Nc7 11. Qd2 Kh7 12. e5 dxe5 13. Bxc5 exd5 14. Bxf8 Qxf8 15.
Nxe5 Ne4 16. Bxe4 dxe4 17. Ng4 f5 18. Ne3 Ne6 19. Ned5 Qc5 20. O-O b6 21. Rac1
Bb7 22. Rfd1 Rd8 23. Ne2 Be5 24. b4 Qf8 25. Qe3 g5 26. Qa3 Bb8 27. Qc3 Kg6 28.
Nd4 Qd6 29. Nxe6 Qxe6 30. Nf4+ Bxf4 31. Rxd8 Bxc1 32. Qxc1 Qe7 33. Qd2 e3 34.
Qd6+ 1-0

[Event "Boeblinger Open 2014"]
[Site "Boeblingen"]
[Date "2014.12.29"]
[Round "4"]
[White "Schlecht, Daniel"]
[Black "Haas, Wilhelm"]
[Result "1/2-1/2"]
[WhiteElo "2366"]
[BlackElo "2176"]
[PlyCount "72"]
[EventDate "2014.??.??"]

1. d4 Nf6 2. c4 e6 3. Nc3 Bb4 4. Qc2 O-O 5. Nf3 b6 6. e4 Bb7 7. Bd3 h6 8. O-O
Bxc3 9. bxc3 d6 10. Nd2 Nbd7 11. f4 e5 12. fxe5 dxe5 13. Ba3 Re8 14. Rae1 c5
15. d5 Nf8 16. Bc1 Ng6 17. Rf3 Qe7 18. Nf1 Rad8 19. Ng3 Nh4 20. Rf2 Bc8 21. Kh1
Rd6 22. h3 Bd7 23. Ref1 Rf8 24. Be3 Nh7 25. Kh2 g5 26. Be2 Rf6 27. Bg4 Bxg4 28.
hxg4 Rxf2 29. Rxf2 Qd7 30. Kh3 Kh8 31. Bc1 Rg8 32. Qe2 Rg6 33. Qf1 Kg8 34. Nh5
Rd6 35. Ng3 Qe7 36. Nh5 Ng6 1/2-1/2

[Event "Boeblinger Open 2014"]
[Site "Boeblingen"]
[Date "2014.12.29"]
[Round "4"]
[White "Schneider, Bernd"]
[Black "Fedorovsky, Michael"]
[Result "1/2-1/2"]
[WhiteElo "2282"]
[BlackElo "2443"]
[PlyCount "123"]
[EventDate "2014.??.??"]

1. e4 c5 2. Nf3 Nc6 3. c4 e5 4. Nc3 d6 5. d3 g6 6. Be2 Bg7 7. O-O Nge7 8. Nd5
O-O 9. Bd2 f5 10. a3 fxe4 11. dxe4 Nxd5 12. cxd5 Nd4 13. Nxd4 cxd4 14. Bg4 Qh4
15. Bxc8 Raxc8 16. f3 Bh6 17. Rc1 Rxc1 18. Qxc1 Bxd2 19. Qxd2 Rc8 20. Rc1 Qd8
21. f4 Rxc1+ 22. Qxc1 exf4 23. Qxf4 Qb6 24. Qf6 d3+ 25. Kf1 Qc7 26. Qc3 Qf7+
27. Ke1 Qf4 28. Qxd3 Qc1+ 29. Kf2 Qxb2+ 30. Kf3 Qf6+ 31. Ke2 Qb2+ 32. Kf3 b5
33. h4 Qf6+ 34. Ke3 Qxh4 35. Qxb5 Qg3+ 36. Kd4 Qf2+ 37. Kc3 Qe3+ 38. Kb2 Qd2+
39. Kb3 Qd1+ 40. Kb2 Qd4+ 41. Kb3 Qe3+ 42. Kb2 Qxe4 43. Qb8+ Kf7 44. Qxd6 Qxg2+
45. Kb3 Qf3+ 46. Ka4 Qe4+ 47. Kb5 Qd3+ 48. Kc6 Qa6+ 49. Kc7 Qxd6+ 50. Kxd6 h5
51. Kc7 h4 52. d6 h3 53. d7 h2 54. d8=Q h1=Q 55. Qd7+ Kf6 56. Qd4+ Ke6 57. Qd6+
Kf5 58. Qc5+ Ke6 59. Qd6+ Kf5 60. Qc5+ Kf4 61. Qd6+ Kf5 62. Qc5+ 1/2-1/2

[Event "Boeblinger Open 2014"]
[Site "Boeblingen"]
[Date "2014.12.29"]
[Round "4"]
[White "Schuler, Marc"]
[Black "Noe, Christopher"]
[Result "0-1"]
[WhiteElo "2127"]
[BlackElo "2375"]
[PlyCount "140"]
[EventDate "2014.??.??"]

1. Nf3 Nf6 2. g3 c5 3. Bg2 Nc6 4. d3 d5 5. Nbd2 e6 6. e4 Be7 7. O-O O-O 8. e5
Nd7 9. Re1 b5 10. h4 a5 11. Nf1 Ba6 12. Bf4 b4 13. N1h2 Re8 14. Ng5 h6 15. Ngf3
Bf8 16. h5 Qc7 17. Qc1 a4 18. Ng4 Kh7 19. Ne3 Nb6 20. Bf1 Nd4 21. Nh2 f6 22.
exf6 e5 23. Bxh6 gxh6 24. c3 bxc3 25. bxc3 Nc6 26. Rb1 d4 27. Nf5 Nd5 28. Ng4
Qf7 29. Nfxh6 Qxh5 30. Bg2 e4 31. f7 Re6 32. Bxe4+ Kh8 33. Kg2 Bxh6 34. Nxh6
Rxh6 35. Rh1 Qxh1+ 36. Qxh1 Rxh1 37. Rxh1+ Kg7 38. Rh7+ Kf6 39. Bxd5 Bb7 40.
Rh6+ Kg7 41. Re6 Nd8 42. Rg6+ Kxg6 43. f8=Q Bxd5+ 44. f3 Ne6 45. Qd6 Rd8 46.
Qe5 dxc3 47. Qxc3 Rf8 48. Qe5 Rf5 49. Qd6 Bxf3+ 50. Kf2 Bd5+ 51. Ke3 Bxa2 52.
Qd7 Bb3 53. Qe8+ Kg7 54. Qb8 Rf8 55. Qe5+ Kg8 56. Qc3 Rf5 57. Qa5 Re5+ 58. Kd2
Kf7 59. Qa8 Rg5 60. Qb7+ Kf6 61. Qf3+ Ke5 62. Qe3+ Kd6 63. Kc3 Rf5 64. Kb2 Re5
65. Qf3 Bd5 66. Qg4 Nd4 67. Qg6+ Re6 68. Qh5 Re2+ 69. Kb1 Kc6 70. g4 a3 0-1

[Event "Boeblinger Open 2014"]
[Site "Boeblingen"]
[Date "2014.12.29"]
[Round "4"]
[White "Shishkin, Vadim"]
[Black "Gschnitzer, Oswald"]
[Result "1-0"]
[WhiteElo "2482"]
[BlackElo "2407"]
[PlyCount "87"]
[EventDate "2014.??.??"]

1. d4 Nf6 2. c4 e6 3. Nc3 Bb4 4. Qc2 O-O 5. Nf3 c5 6. dxc5 Na6 7. g3 Nxc5 8.
Bg2 b6 9. O-O Bb7 10. Nb5 Be4 11. Qd1 Nb7 12. a3 Be7 13. Bf4 a6 14. Nc3 Bc6 15.
b4 Rc8 16. Rc1 a5 17. Qb3 Nd6 18. Nb1 axb4 19. axb4 b5 20. Bxd6 Bxd6 21. c5 Be7
22. Nd4 Qc7 23. Nc3 Qb7 24. e4 Ng4 25. Rfd1 Bf6 26. Nxc6 dxc6 27. Ne2 Be7 28.
f4 Nf6 29. e5 Nd5 30. Bxd5 exd5 31. Nd4 f6 32. Rf1 fxe5 33. fxe5 g6 34. Qe3
Rce8 35. Rf4 Bf6 36. Rcf1 Bg7 37. Rxf8+ Bxf8 38. e6 Re7 39. Rf7 Rxf7 40. exf7+
Qxf7 41. Nxc6 Bg7 42. Nd8 d4 43. Qe6 Qxe6 44. Nxe6 1-0